| 000 | 01232nam a2200385 a 4500 | ||
|---|---|---|---|
| 005 | 20200104041517.0 | ||
| 008 | 140224b1996 ck ||||| |||| 00| 0 spa d | ||
| 040 |
_aCO-BoIAVH _cCO-BoIAVH |
||
| 041 | _aspa | ||
| 044 | _ack | ||
| 090 |
_aLB _b00954 |
||
| 100 |
_aNegret, Alvaro José _910134 |
||
| 245 | _aEstudio de viabilidad para la declaratoria de un corredor de conservación de las selvas húmedas del Pacífico colombiano | ||
| 260 |
_aPopayán _bProyecto Biopacífico _bUniversidad del Cauca _c1996 |
||
| 300 | _a210 p. | ||
| 650 | 4 |
_aCorredores biológicos _943380 |
|
| 650 | 4 |
_aBosque húmedo tropical _93501 |
|
| 650 | 4 |
_aEstudio de factibilidad _93857 |
|
| 650 | 4 |
_aGeología _943381 |
|
| 650 | 4 |
_aSuelos _9287 |
|
| 650 | 4 |
_aClima _943383 |
|
| 650 | 4 |
_avegetación _943384 |
|
| 650 | 4 |
_aFauna _943385 |
|
| 650 | 4 |
_aImpacto humano _93679 |
|
| 662 | _aColombia | ||
| 700 |
_aOrtega, Luis Alfonso _910140 |
||
| 700 |
_aCortes, Alex _910141 |
||
| 700 |
_aCataño, Luz Stella _910142 |
||
| 700 |
_aTorres, María Patricia _910143 |
||
| 700 |
_aLópez, Pedro E. _910144 |
||
| 700 |
_aPinilla, Nelson _910145 |
||
| 700 |
_aPrado, Marta Lucía _910146 |
||
| 700 |
_aVergara, Hernando _910147 |
||
| 942 |
_cINFORME _2z |
||
| 999 |
_c966 _d966 |
||